000 00344nam a2200145Ia 4500
008 150201s2012 xx 000 0 und d
082 _a610.7368
_bP12T
100 _aTHRESIA, M.T.
245 _aPSYCHIATRY AND MANTAL HEALTH NURSING
250 _a1ST
260 _bCBS
_aDELHI
_c2012
300 _a290
650 _aPSYCHIATRY
942 _2ddc
_cBK
999 _c2291
_d2291